000 00336nam a2200133 a 4500
005 20140414131908.0
008 101002s19uu xx 00 eng d
050 _aER
_bAl7 1989
100 _aWagenman, Mark
245 _aAloha bear and Maui the whale.
260 _aHawaii :
_bIsland heritage,
_c1989.
440 _a
999 _c111034
_d111034